000 00712cab a2200265 4500
001 WB3233-34
008 090401t1996 xxu||||| |||| 00| 0 eng d
035 _a(Sirsi) u6203
041 _aeng
245 _aUS investors bank on France
260 _c1996
350 _a0
490 _aEuropean
_v29 August 1996, 24(1)
520 _aReport on US companies` perceptions of the French property market.
650 _aFORIEGN INVESTMENT
650 _aFRANCE
650 _aPARIS
650 _aPROPERTY MARKET
650 _aUS DEVELOPERS
650 _aUS INVESTORS
690 _aPROPERTY-COMMERCIAL PROPERTY-COMMERCIAL PROPERTY MARKET
690 _aOVERSEAS-EUROPE
942 _n0
948 _c04/03/1997
999 _c3725
_d3725